[Event "España tch 1B 2012"]
[Site "Don Benito ESP"]
[Date "2012.07.31"]
[Round "2.33"]
[White "Llanes Hurtado, Miguel"]
[Black "Bolado Saez, Sergio"]
[Result "1/2-1/2"]
[WhiteElo "2483"]
[BlackElo "2386"]
[PlyCount "75"]
[EventDate "2012.07.30"]
[EventType "swiss"]
[EventRounds "9"]
[EventCountry "ESP"]
[Source "lmi"]
[SourceDate "2012.07.30"]

1. d4 Nf6 2. c4 c5 3. d5 b5 4. cxb5 a6 5. bxa6 Bxa6 6. Nc3 g6 7. Nf3 Bg7 8. g3
d6 9. Bg2 Nfd7 10. O-O Nb6 11. Qc2 O-O 12. Rd1 Nc4 13. Nd2 Na5 14. Rb1 Nd7 15.
b3 Qc7 16. Nf3 Rab8 17. Bd2 Rb7 18. Be1 Rfb8 19. Ne4 h6 20. g4 Ra7 21. h4 Bc8
22. g5 h5 23. b4 cxb4 24. Qxc7 Rxc7 25. Rxb4 Rxb4 26. Bxb4 Nb7 27. a3 Rc4 28.
Ned2 Rc2 29. Ne1 Rc7 30. Nb3 Rc4 31. Rc1 Rxc1 32. Nxc1 Nbc5 33. e3 Bb7 34. Ne2
Kf8 35. Nd4 Bxd4 36. exd4 Nb3 37. Nc2 Nb6 38. Bf1 1/2-1/2

[Event "España tch 1B 2012"]
[Site "Don Benito ESP"]
[Date "2012.07.31"]
[Round "2.34"]
[White "Renteria, Jorge"]
[Black "Fernandez Romero, Ernesto"]
[Result "0-1"]
[WhiteElo "2326"]
[BlackElo "2472"]
[PlyCount "54"]
[EventDate "2012.07.30"]
[EventType "swiss"]
[EventRounds "9"]
[EventCountry "ESP"]
[Source "lmi"]
[SourceDate "2012.07.30"]

1. e4 e6 2. d4 d5 3. Nc3 Bb4 4. e5 Ne7 5. a3 Bxc3+ 6. bxc3 c5 7. Qg4 O-O 8. Bd3
Nbc6 9. Nf3 f5 10. exf6 Rxf6 11. Bg5 Rf7 12. Qh5 g6 13. Qh4 c4 14. Be2 Qa5 15.
Bd2 Nf5 16. Qh3 Nd6 17. Ng5 e5 18. Bg4 Bxg4 19. Qxg4 Re7 20. O-O exd4 21. Rfe1
Rae8 22. Rxe7 Rxe7 23. Re1 Qd8 24. Ne6 Qd7 25. Bg5 Re8 26. cxd4 Nf5 27. Qe2 Ng7
0-1

[Event "España tch 1B 2012"]
[Site "Don Benito ESP"]
[Date "2012.08.01"]
[Round "3.11"]
[White "Moreno Trujillo, Alejandro"]
[Black "Anton Guijarro, David"]
[Result "0-1"]
[WhiteElo "2500"]
[BlackElo "2490"]
[PlyCount "88"]
[EventDate "2012.07.30"]
[EventType "swiss"]
[EventRounds "9"]
[EventCountry "ESP"]
[Source "lmi"]
[SourceDate "2012.07.30"]

1. d4 Nf6 2. Nf3 e6 3. Bf4 b6 4. e3 Bb7 5. Nbd2 g6 6. a4 Nc6 7. Nc4 a6 8. c3
Bg7 9. Bd3 d6 10. e4 O-O 11. O-O Nd7 12. Qd2 e5 13. Bh6 Re8 14. Bxg7 Kxg7 15.
Ne3 Nf6 16. d5 Ne7 17. c4 a5 18. Nh4 Nh5 19. g3 Bc8 20. Be2 Nf6 21. f3 h6 22.
Bd3 Neg8 23. Rae1 Bh3 24. Rf2 Nd7 25. Qc3 Nc5 26. Bc2 Nf6 27. Nd1 Nh7 28. f4
Qf6 29. Nf3 exf4 30. e5 dxe5 31. Nxe5 Kg8 32. Rxf4 Qh8 33. Nf2 Ng5 34. Kh1 Nd7
35. Nfd3 Nxe5 36. Nxe5 Re7 37. Rf2 Rae8 38. Rfe2 Qf6 39. Bd1 Rxe5 40. Rxe5 Rxe5
41. Qxe5 Qf2 42. Qe8+ Kg7 43. Qe5+ Kh7 44. Rg1 Nf3 0-1

[Event "España tch 1B 2012"]
[Site "Don Benito ESP"]
[Date "2012.08.01"]
[Round "3.12"]
[White "Almagro Llamas, Pablo"]
[Black "Moreno Tejera, Emilio"]
[Result "1-0"]
[WhiteElo "2465"]
[BlackElo "2350"]
[PlyCount "105"]
[EventDate "2012.07.30"]
[EventType "swiss"]
[EventRounds "9"]
[EventCountry "ESP"]
[Source "lmi"]
[SourceDate "2012.07.30"]

1. e4 c5 2. Nf3 e6 3. b3 b6 4. c4 Bb7 5. Nc3 d6 6. d4 cxd4 7. Nxd4 Nf6 8. Bd3
Be7 9. O-O O-O 10. Qe2 Re8 11. Bb2 Bf8 12. Rad1 a6 13. f4 e5 14. Nf5 Nbd7 15.
Bb1 Qc7 16. Qd2 Re6 17. Nd5 Qc5+ 18. Kh1 Rae8 19. Rf3 exf4 20. Qxf4 Ne5 21.
Nh6+ Kh8 22. Nxf7+ Kg8 23. Nxe5 dxe5 24. Qh4 Be7 25. Qg3 Bd8 26. Rdf1 Kh8 27.
Rf5 Qd6 28. Rd1 b5 29. Bc2 Qb8 30. c5 b4 31. h3 a5 32. Bc1 Qa8 33. Qf3 Qc8 34.
Be3 Bc6 35. g4 Nd7 36. Qe2 Qb7 37. Kh2 Nf6 38. Nxf6 Bxf6 39. Qf3 Be7 40. Rf1
Rg8 41. Bd3 Bb5 42. Bxb5 Qxb5 43. Rc1 Rc6 44. Qf1 Qb8 45. Qc4 Qc8 46. Rff1 Rf6
47. c6 h5 48. Rxf6 gxf6 49. Qf7 Rg7 50. Qxh5+ Kg8 51. Qf5 Qc7 52. Bh6 Rh7 53.
Qg6+ 1-0

[Event "España tch 1B 2012"]
[Site "Don Benito ESP"]
[Date "2012.08.01"]
[Round "3.13"]
[White "Bolado Saez, Sergio"]
[Black "Rubio Mejia, Luis Ignacio"]
[Result "1/2-1/2"]
[WhiteElo "2386"]
[BlackElo "2428"]
[PlyCount "102"]
[EventDate "2012.07.30"]
[EventType "swiss"]
[EventRounds "9"]
[EventCountry "ESP"]
[Source "lmi"]
[SourceDate "2012.07.30"]

1. d4 Nf6 2. Nf3 e6 3. c4 d5 4. g3 Bb4+ 5. Bd2 Bd6 6. Bg2 c6 7. O-O Nbd7 8. Qc2
O-O 9. Rd1 Ne4 10. Nc3 f5 11. a3 Nxd2 12. Nxd2 Nf6 13. e3 Bd7 14. b4 Qe7 15.
Na4 Be8 16. Nc5 g5 17. Re1 g4 18. Nd3 Ne4 19. Nxe4 fxe4 20. Nf4 Bg6 21. Qb3 a6
22. Bf1 Bf5 23. Ra2 Kg7 24. Ng2 Ra7 25. Rb1 Rfa8 26. a4 Kf6 27. Qc3 h5 28. Rab2
Kg5 29. b5 axb5 30. axb5 Ra3 31. Qc2 Ra1 32. c5 Bc7 33. b6 Rxb1 34. Qxb1 Bb8
35. Ra2 Rxa2 36. Qxa2 Qd7 37. h4+ gxh3 38. Nf4 e5 39. dxe5 Bxe5 40. Kh2 h4 41.
Qa8 hxg3+ 42. fxg3 Qc8 43. Qa2 Qf8 44. Qe2 Bg4 45. Bxh3 Bxe2 46. Ne6+ Kf6 47.
Nxf8 Kf7 48. Nd7 Bc3 49. Nb8 Be5 50. Nd7 Bc3 51. Nb8 Be5 1/2-1/2

[Event "España tch 1B 2012"]
[Site "Don Benito ESP"]
[Date "2012.08.01"]
[Round "3.14"]
[White "Martinez Martin, David"]
[Black "Renteria, Jorge"]
[Result "0-1"]
[WhiteElo "2385"]
[BlackElo "2326"]
[PlyCount "100"]
[EventDate "2012.07.30"]
[EventType "swiss"]
[EventRounds "9"]
[EventCountry "ESP"]
[Source "lmi"]
[SourceDate "2012.07.30"]

1. d4 Nf6 2. Nf3 g6 3. c4 Bg7 4. Nc3 O-O 5. e4 d6 6. Be2 e5 7. O-O Nc6 8. d5
Ne7 9. b4 c6 10. Bg5 a5 11. a3 Bg4 12. Nd2 Bxe2 13. Qxe2 cxd5 14. cxd5 axb4 15.
axb4 Rc8 16. Nb5 Qd7 17. Na3 Nexd5 18. exd5 Nxd5 19. Ne4 Nc3 20. Nxc3 Rxc3 21.
Nb5 Rc6 22. Na7 Rc7 23. Be3 d5 24. Bc5 Re8 25. Qb5 Qe6 26. Qb6 Rd7 27. Qxe6
Rxe6 28. Nb5 f5 29. Ra8+ Kf7 30. Rb8 d4 31. Rd1 g5 32. Nd6+ Rexd6 33. Bxd6 Rxd6
34. Rxb7+ Kg6 35. b5 e4 36. Rc7 Rd5 37. Rc6+ Kh5 38. Rb1 d3 39. Rcc1 f4 40. Re1
e3 41. Kf1 e2+ 42. Rxe2 dxe2+ 43. Kxe2 Rd7 44. b6 Rb7 45. Kd3 Bf6 46. g3 Kg4
47. h4 gxh4 48. gxf4 Kf3 49. Kc4 Bd8 50. f5 Rxb6 0-1

[Event "España tch 1B 2012"]
[Site "Don Benito ESP"]
[Date "2012.08.01"]
[Round "3.21"]
[White "Espinosa Aranda, Angel"]
[Black "Khenkin, Igor"]
[Result "1/2-1/2"]
[WhiteElo "2402"]
[BlackElo "2669"]
[PlyCount "122"]
[EventDate "2012.07.30"]
[EventType "swiss"]
[EventRounds "9"]
[EventCountry "ESP"]
[Source "lmi"]
[SourceDate "2012.07.30"]

1. e4 Nf6 2. e5 Nd5 3. d4 d6 4. c4 Nb6 5. exd6 exd6 6. Nc3 Nc6 7. h3 Bf5 8. Be3
Be7 9. Nf3 O-O 10. Be2 d5 11. c5 Nc4 12. Bxc4 dxc4 13. d5 Nb4 14. O-O Bd3 15.
Re1 Nc2 16. Rc1 Nxe1 17. Nxe1 Bg6 18. Qd4 a6 19. Qxc4 b5 20. Qb4 Bf6 21. Rd1 c6
22. d6 Re8 23. Nd3 a5 24. Qg4 h5 25. Qf3 Qd7 26. Nf4 b4 27. Na4 Bc2 28. Nb6
Bxd1 29. Qxd1 Qf5 30. Nxa8 Rxa8 31. b3 h4 32. Qf3 Rc8 33. Qe2 Re8 34. Qf3 g5
35. Nd3 Qxf3 36. gxf3 Kh7 37. Kg2 Kg6 38. f4 gxf4 39. Nxf4+ Kf5 40. Kf3 Rg8 41.
Ne2 Ke6 42. Nf4+ Kd7 43. Ne2 Bc3 44. Bf4 a4 45. Ke4 axb3 46. axb3 Be1 47. Be3
Rg2 48. Kf3 Rg8 49. Ke4 Rg2 50. Kf3 Rh2 51. Ng1 Ke6 52. Bd4 Bc3 53. Be3 Be5 54.
Bg5 Rh1 55. Kg2 Rh2+ 56. Kf1 Bd4 57. Bxh4 Bxc5 58. Bg3 Bxd6 59. Bxh2 Bxh2 60.
Nf3 Bf4 61. Ke2 Kd5 1/2-1/2

[Event "España tch 1B 2012"]
[Site "Don Benito ESP"]
[Date "2012.08.01"]
[Round "3.22"]
[White "Mirzoev, Azer"]
[Black "Jimenez Martinez, Jose Vicente"]
[Result "1-0"]
[WhiteElo "2545"]
[BlackElo "2285"]
[PlyCount "125"]
[EventDate "2012.07.30"]
[EventType "swiss"]
[EventRounds "9"]
[EventCountry "ESP"]
[Source "lmi"]
[SourceDate "2012.07.30"]

1. d4 g6 2. e4 Bg7 3. Nc3 d6 4. Be3 a6 5. Qd2 Nd7 6. h4 Ngf6 7. Bh6 Bxh6 8.
Qxh6 c5 9. d5 Qa5 10. f3 b5 11. Nh3 Ne5 12. Nf2 Bd7 13. Be2 b4 14. Ncd1 Bb5 15.
Bxb5+ Qxb5 16. Ne3 Nc4 17. Nfd1 Ne5 18. b3 Nh5 19. Nf1 c4 20. Qd2 c3 21. Qe3 f5
22. a4 Qb7 23. Nf2 f4 24. Qd4 a5 25. Nh3 Qa7 26. Qxa7 Rxa7 27. Ng5 Ng7 28. Nh3
Nh5 29. Rd1 h6 30. Nf2 Nf6 31. Nd3 Nxd3+ 32. Rxd3 Nd7 33. Kf2 Ne5 34. Rd1 Kd7
35. Nh2 h5 36. g3 Rf8 37. gxf4 Rxf4 38. Kg3 g5 39. hxg5 Ng6 40. Nf1 h4+ 41. Kf2
Ne5 42. Rh3 Ra8 43. Ke3 Raf8 44. Nh2 Ke8 45. Rg1 Ng6 46. Ng4 Ne5 47. Nxe5 dxe5
48. g6 Rg8 49. Rg5 Rf6 50. Rxh4 Rgxg6 51. Rh8+ Kd7 52. Rxg6 Rxg6 53. Kf2 Rf6
54. Ra8 Rh6 55. Ra7+ Kd8 56. Rxa5 Rh2+ 57. Ke3 Rxc2 58. Rb5 Rc1 59. Rxb4 c2 60.
Kd2 Rf1 61. Kxc2 Rxf3 62. Rc4 Kd7 63. Kb2 1-0

[Event "España tch 1B 2012"]
[Site "Don Benito ESP"]
[Date "2012.08.01"]
[Round "3.23"]
[White "Ramirez Diaz, Jose Ramon"]
[Black "Llanes Hurtado, Miguel"]
[Result "1/2-1/2"]
[WhiteElo "2151"]
[BlackElo "2483"]
[PlyCount "107"]
[EventDate "2012.07.30"]
[EventType "swiss"]
[EventRounds "9"]
[EventCountry "ESP"]
[Source "lmi"]
[SourceDate "2012.07.30"]

1. e4 e6 2. d4 d5 3. Nd2 c5 4. exd5 Qxd5 5. Ngf3 cxd4 6. Bc4 Qd8 7. Nb3 Nc6 8.
O-O Nf6 9. Nbxd4 Nxd4 10. Qxd4 Qxd4 11. Nxd4 Bd7 12. Be2 Bc5 13. Nb3 Bb6 14.
Bf3 Rc8 15. c3 Bc6 16. Bxc6+ Rxc6 17. Bf4 Ke7 18. Rad1 Rd8 19. Rxd8 Kxd8 20.
Rd1+ Ke7 21. Kf1 Nd5 22. Bg3 g5 23. Ke2 Rc4 24. Kd3 Ra4 25. a3 Nf4+ 26. Bxf4
Rxf4 27. f3 g4 28. Rf1 gxf3 29. Rxf3 Rg4 30. g3 h5 31. Nd4 h4 32. Rf4 Rxf4 33.
gxf4 h3 34. Nf3 Kf6 35. Ke4 Ke7 36. Ng5 Bg1 37. Nxh3 Bxh2 38. c4 Kd6 39. b4 f5+
40. Kd4 e5+ 41. fxe5+ Bxe5+ 42. Ke3 Bb2 43. Nf4 Bxa3 44. Nd3 Bxb4 45. Nxb4 Kc5
46. Nd5 Kxc4 47. Ne7 f4+ 48. Kxf4 a5 49. Ke3 Kc3 50. Nd5+ Kb3 51. Kd2 b5 52.
Kc1 b4 53. Kb1 Kc4 54. Nxb4 1/2-1/2

[Event "España tch 1B 2012"]
[Site "Don Benito ESP"]
[Date "2012.08.01"]
[Round "3.24"]
[White "Fernandez Romero, Ernesto"]
[Black "Garcia Del Moral Lopez, Joaquin"]
[Result "1-0"]
[WhiteElo "2472"]
[BlackElo "1887"]
[PlyCount "98"]
[EventDate "2012.07.30"]
[EventType "swiss"]
[EventRounds "9"]
[EventCountry "ESP"]
[Source "lmi"]
[SourceDate "2012.07.30"]

1. d4 d5 2. Nc3 Bf5 3. Bg5 f6 4. Bh4 e6 5. e3 c6 6. Bd3 Ne7 7. Nge2 Bxd3 8.
Qxd3 Ng6 9. Bg3 Na6 10. h4 Bd6 11. h5 Ne7 12. e4 Nc7 13. Qd2 Bxg3 14. Nxg3 Qd6
15. O-O-O O-O-O 16. Rhe1 Na6 17. e5 Qd7 18. h6 fxe5 19. hxg7 Rhg8 20. Nh5 exd4
21. Ne2 Nf5 22. Nxd4 Nxd4 23. Qxd4 Qf7 24. Re5 c5 25. Qe3 b6 26. g4 Nc7 27. Re1
Qg6 28. f3 h6 29. Rxe6 Nxe6 30. Qxe6+ Qxe6 31. Rxe6 Rd7 32. Rg6 Re7 33. b3 Kb7
34. f4 c4 35. bxc4 dxc4 36. Kb2 c3+ 37. Kb3 b5 38. Rxh6 a5 39. Rh8 Rgxg7 40.
Nxg7 Rxg7 41. g5 Kb6 42. Kxc3 Kc5 43. Rc8+ Kd5 44. Kd3 Rd7 45. Re8 Kc5+ 46. Ke3
Kc6 47. g6 Rd1 48. Kf2 Rd4 49. g7 Rxf4+ 1-0

[Event "España tch 1B 2012"]
[Site "Don Benito ESP"]
[Date "2012.08.01"]
[Round "3.31"]
[White "Mate Adan, Carlos"]
[Black "Vallejo Pons, Francisco"]
[Result "0-1"]
[WhiteElo "2276"]
[BlackElo "2697"]
[PlyCount "74"]
[EventDate "2012.07.30"]
[EventType "swiss"]
[EventRounds "9"]
[EventCountry "ESP"]
[Source "lmi"]
[SourceDate "2012.07.30"]

1. e4 c5 2. Nc3 Nc6 3. Bb5 Na5 4. Nf3 a6 5. Bf1 d6 6. g3 b5 7. Bg2 Bb7 8. d3 e6
9. O-O Be7 10. Re1 Rc8 11. e5 Bxf3 12. Qxf3 dxe5 13. Rxe5 Nf6 14. Re1 O-O 15.
Qe2 Qd7 16. Be3 Nc6 17. Bxc6 Qxc6 18. Bg5 h6 19. Bxf6 Bxf6 20. Rab1 g6 21. h4
Bg7 22. Ne4 Rfd8 23. b3 Rd5 24. Red1 Qc7 25. Qe3 Re5 26. Qf4 Qe7 27. Re1 Rd8
28. Nd2 Rf5 29. Qe4 Qc7 30. a4 Bd4 31. Re3 Bxe3 32. Qxe3 Kg7 33. axb5 axb5 34.
Ne4 Qe5 35. b4 c4 36. Qb6 Qd4 37. Qc6 cxd3 0-1

[Event "España tch 1B 2012"]
[Site "Don Benito ESP"]
[Date "2012.08.01"]
[Round "3.33"]
[White "Ruiz Marana, Alejandro"]
[Black "Alonso Rosell, Alvar"]
[Result "0-1"]
[WhiteElo "2210"]
[BlackElo "2502"]
[PlyCount "108"]
[EventDate "2012.07.30"]
[EventType "swiss"]
[EventRounds "9"]
[EventCountry "ESP"]
[Source "lmi"]
[SourceDate "2012.07.30"]

1. e4 d5 2. exd5 Qxd5 3. Nf3 Nf6 4. Be2 g6 5. O-O Bg7 6. d4 O-O 7. c4 Qd6 8.
Nc3 c6 9. h3 Bf5 10. Qb3 Qc7 11. Be3 Ne4 12. Nxe4 Bxe4 13. Rac1 Qb6 14. Qa3 c5
15. Rfd1 Nc6 16. Nd2 cxd4 17. c5 Qc7 18. Nxe4 dxe3 19. fxe3 a5 20. Nc3 Qg3 21.
Bf3 Rad8 22. Ne2 Qg5 23. Bxc6 bxc6 24. Nd4 Bxd4 25. exd4 Rxd4 26. Qxa5 Qd5 27.
Qe1 Rxd1 28. Rxd1 Qxc5+ 29. Kh1 Rb8 30. b3 Qa3 31. Rd2 Rb5 32. Rd8+ Kg7 33.
Qc3+ e5 34. Qxc6 Rc5 35. Qd6 Qc1+ 36. Qd1 Qe3 37. Rd2 e4 38. b4 Rc4 39. b5 Qc5
40. Rd5 Qc7 41. Rd7 Qf4 42. Qa1+ Kh6 43. Rd1 e3 44. Rf1 Qe4 45. Qe1 Rc2 46. Rf3
e2 47. b6 Kg7 48. Qa1+ Kg8 49. Qe1 Rc1 50. Qxc1 e1=Q+ 51. Rf1 Qxc1 52. Rxc1 Qb4
53. Rc6 Qb5 54. Rc8+ Kg7 0-1

[Event "España tch 1B 2012"]
[Site "Don Benito ESP"]
[Date "2012.08.01"]
[Round "3.34"]
[White "Lopez Martinez, Josep Manuel"]
[Black "Revilla Rio, Francisco"]
[Result "1-0"]
[WhiteElo "2509"]
[BlackElo "2127"]
[PlyCount "73"]
[EventDate "2012.07.30"]
[EventType "swiss"]
[EventRounds "9"]
[EventCountry "ESP"]
[Source "lmi"]
[SourceDate "2012.07.30"]

1. Nf3 d5 2. d4 Nc6 3. g3 Bf5 4. Bg2 Nb4 5. Na3 e6 6. O-O Be7 7. c3 Na6 8. Qb3
Qc8 9. c4 Nf6 10. Bg5 c6 11. Ne5 O-O 12. Rac1 Nc7 13. g4 Bxa3 14. gxf5 Be7 15.
fxe6 Nxe6 16. Be3 Rd8 17. f4 dxc4 18. Rxc4 Nd5 19. f5 Nec7 20. Bd2 f6 21. Nf3
Kh8 22. e4 Nb6 23. Rc2 Nb5 24. Be3 Nd6 25. Nh4 Qd7 26. Rf4 h6 27. a4 Nbc4 28.
Rxc4 Nxc4 29. Qxc4 Bd6 30. e5 Re8 31. Re4 fxe5 32. dxe5 Bc7 33. Rd4 Qc8 34.
Bxh6 Bb6 35. Bxg7+ Kxg7 36. f6+ Kh6 37. Qc1+ 1-0

[Event "España tch 1B 2012"]
[Site "Don Benito ESP"]
[Date "2012.08.02"]
[Round "4.11"]
[White "Anton Guijarro, David"]
[Black "Vallejo Pons, Francisco"]
[Result "0-1"]
[WhiteElo "2490"]
[BlackElo "2697"]
[PlyCount "58"]
[EventDate "2012.07.30"]
[EventType "swiss"]
[EventRounds "9"]
[EventCountry "ESP"]
[Source "lmi"]
[SourceDate "2012.07.30"]

1. Nf3 f5 2. d3 Nc6 3. d4 e6 4. c4 Nf6 5. d5 exd5 6. cxd5 Bb4+ 7. Bd2 Nxd5 8.
Bxb4 Ndxb4 9. a3 Na6 10. e3 Nc5 11. Bc4 Ne4 12. Nc3 Nxc3 13. bxc3 Qf6 14. O-O
b6 15. Bd5 Ba6 16. c4 O-O-O 17. Qa4 Nb8 18. Nd4 c6 19. Bf3 f4 20. Rfc1 fxe3 21.
fxe3 Rhe8 22. c5 Rxe3 23. cxb6 axb6 24. Nxc6 dxc6 25. Bxc6 Rd4 26. Ba8+ Kd8 27.
Qc2 Nd7 28. Qc7+ Ke7 29. Re1 Qg5 0-1

[Event "España tch 1B 2012"]
[Site "Don Benito ESP"]
[Date "2012.08.02"]
[Round "4.12"]
[White "Magem Badals, Jordi"]
[Black "Almagro Llamas, Pablo"]
[Result "1/2-1/2"]
[WhiteElo "2554"]
[BlackElo "2465"]
[PlyCount "54"]
[EventDate "2012.07.30"]
[EventType "swiss"]
[EventRounds "9"]
[EventCountry "ESP"]
[Source "lmi"]
[SourceDate "2012.07.30"]

1. e4 c5 2. Nf3 d6 3. d4 Nf6 4. dxc5 Nxe4 5. cxd6 Nc6 6. dxe7 Qxd1+ 7. Kxd1
Bxe7 8. Be3 Bf5 9. Bd3 Bf6 10. Nbd2 Nxd2 11. Bxd2 Bxd3 12. cxd3 O-O-O 13. Kc2
Rd5 14. Bc3 Rhd8 15. Rad1 Rc5 16. a3 g5 17. h3 h5 18. Rhe1 g4 19. hxg4 hxg4 20.
Nh2 Bxc3 21. bxc3 Rd4 22. Re4 f5 23. Rxd4 Nxd4+ 24. Kd2 Nb3+ 25. Kc2 Nd4+ 26.
Kd2 Nb3+ 27. Kc2 Nd4+ 1/2-1/2

[Event "España tch 1B 2012"]
[Site "Don Benito ESP"]
[Date "2012.08.02"]
[Round "4.14"]
[White "Lopez Martinez, Josep Manuel"]
[Black "Martinez Martin, David"]
[Result "1-0"]
[WhiteElo "2509"]
[BlackElo "2385"]
[PlyCount "85"]
[EventDate "2012.07.30"]
[EventType "swiss"]
[EventRounds "9"]
[EventCountry "ESP"]
[Source "lmi"]
[SourceDate "2012.07.30"]

1. e4 c5 2. Nf3 d6 3. d4 cxd4 4. Nxd4 Nf6 5. Nc3 g6 6. Be3 Bg7 7. f3 O-O 8. Qd2
Nc6 9. O-O-O d5 10. Qe1 e5 11. Nxc6 bxc6 12. exd5 Nxd5 13. Bc4 Be6 14. Ne4 Qc7
15. Bc5 Rfd8 16. h4 Nf4 17. Bxe6 Rxd1+ 18. Qxd1 Nxe6 19. Be3 Rb8 20. Qd6 Qxd6
21. Nxd6 e4 22. c3 exf3 23. gxf3 Be5 24. Nc4 Bf4 25. Kd2 Rd8+ 26. Ke2 h5 27. a4
Bxe3 28. Kxe3 Nc5 29. a5 a6 30. Ne5 Re8 31. Kf4 f6 32. Nxc6 Nd3+ 33. Kg3 f5 34.
Rh2 f4+ 35. Kh3 Re1 36. Rd2 Rd1 37. Rxd1 Nf2+ 38. Kg2 Nxd1 39. b4 Nxc3 40. Nb8
Kf7 41. Nxa6 Ke6 42. Nc5+ Kd5 43. Nd3 1-0

[Event "España tch 1B 2012"]
[Site "Don Benito ESP"]
[Date "2012.08.02"]
[Round "4.21"]
[White "Khenkin, Igor"]
[Black "Mate Adan, Carlos"]
[Result "1-0"]
[WhiteElo "2669"]
[BlackElo "2276"]
[PlyCount "43"]
[EventDate "2012.07.30"]
[EventType "swiss"]
[EventRounds "9"]
[EventCountry "ESP"]
[Source "lmi"]
[SourceDate "2012.07.30"]

1. d4 Nc6 2. d5 Ne5 3. f4 Ng6 4. e4 e6 5. dxe6 dxe6 6. Qxd8+ Kxd8 7. Nc3 Bd7 8.
Bd3 Bc5 9. Nf3 Nf6 10. e5 Ng4 11. Ne4 Be3 12. g3 Ke7 13. h3 Bxc1 14. hxg4 Be3
15. Ke2 Bb6 16. Rh5 Kf8 17. Rah1 Kg8 18. c4 Bc6 19. b4 a6 20. Neg5 Nf8 21.
Bxh7+ Nxh7 22. Nxh7 1-0

[Event "España tch 1B 2012"]
[Site "Don Benito ESP"]
[Date "2012.08.02"]
[Round "4.22"]
[White "Ruiz Marana, Alejandro"]
[Black "Mirzoev, Azer"]
[Result "0-1"]
[WhiteElo "2210"]
[BlackElo "2545"]
[PlyCount "82"]
[EventDate "2012.07.30"]
[EventType "swiss"]
[EventRounds "9"]
[EventCountry "ESP"]
[Source "lmi"]
[SourceDate "2012.07.30"]

1. e4 e5 2. Nc3 Nc6 3. Bc4 Bc5 4. d3 d6 5. Na4 Nge7 6. Nf3 h6 7. c3 Bb6 8. Nxb6
axb6 9. Bb3 Ng6 10. O-O Qf6 11. h3 Be6 12. Bc2 O-O 13. d4 Nce7 14. a3 Nf4 15.
Kh2 Neg6 16. Ng1 Bc4 17. Re1 Nh4 18. g3 Nd3 19. f4 Nxe1 20. Qxe1 exd4 21. gxh4
d3 22. Bd1 Rfe8 23. Bf3 Bd5 24. e5 Bxf3 25. Nxf3 dxe5 26. Nxe5 Qf5 27. Qg3 f6
28. Nf3 Re2+ 29. Kg1 Qc5+ 30. Kf1 Qd5 31. Bd2 Rae8 32. Re1 Rxe1+ 33. Bxe1 Re2
34. Bd2 Qb3 35. Qg4 Qd1+ 36. Be1 h5 37. Qg3 Rxe1+ 38. Qxe1 Qxf3+ 39. Kg1 Kh7
40. Qf1 Qxf1+ 41. Kxf1 Kg6 0-1

[Event "España tch 1B 2012"]
[Site "Don Benito ESP"]
[Date "2012.08.02"]
[Round "4.23"]
[White "Llanes Hurtado, Miguel"]
[Black "Velasco Gonzalez, Julio"]
[Result "1/2-1/2"]
[WhiteElo "2483"]
[BlackElo "2189"]
[PlyCount "63"]
[EventDate "2012.07.30"]
[EventType "swiss"]
[EventRounds "9"]
[EventCountry "ESP"]
[Source "lmi"]
[SourceDate "2012.07.30"]

1. d4 c5 2. d5 Nf6 3. c4 g6 4. Nc3 Bg7 5. e4 O-O 6. Nge2 b5 7. cxb5 a6 8. Ng3
d6 9. Be2 axb5 10. Bxb5 Ba6 11. O-O Bxb5 12. Nxb5 Na6 13. a4 Nc7 14. Na3 Qd7
15. Nc4 Ra6 16. h3 e6 17. dxe6 Nxe6 18. Bd2 d5 19. exd5 Nxd5 20. Ne4 Qc6 21. f3
Rd8 22. a5 Nb4 23. Qa4 f5 24. Bxb4 cxb4 25. Qxc6 Rxc6 26. Ned2 Bxb2 27. Nxb2
Rxd2 28. Nd1 b3 29. a6 b2 30. Nxb2 Rxb2 31. a7 Nc7 32. a8=Q+ 1/2-1/2

[Event "España tch 1B 2012"]
[Site "Don Benito ESP"]
[Date "2012.08.02"]
[Round "4.24"]
[White "San Emeterio Rubio, Jose"]
[Black "Fernandez Romero, Ernesto"]
[Result "0-1"]
[WhiteElo "2062"]
[BlackElo "2472"]
[PlyCount "106"]
[EventDate "2012.07.30"]
[EventType "swiss"]
[EventRounds "9"]
[EventCountry "ESP"]
[Source "lmi"]
[SourceDate "2012.07.30"]

1. e4 c5 2. g3 Nc6 3. d3 e6 4. Bg2 d5 5. exd5 exd5 6. Nc3 d4 7. Ne4 Nf6 8. Ne2
Be7 9. O-O O-O 10. Nxf6+ Bxf6 11. Nf4 Re8 12. Bd2 Be5 13. Qf3 Bd6 14. Rfe1 Ne5
15. Qd5 Rb8 16. b4 b6 17. bxc5 bxc5 18. Rab1 Rxb1 19. Rxb1 h6 20. h3 Qe7 21.
Qe4 Qd7 22. Qd5 Ba6 23. Nh5 Bf8 24. Bf4 c4 25. Qxd7 Nxd7 26. Bc6 cxd3 27. cxd3
Rd8 28. g4 Nc5 29. Rb8 Rxb8 30. Bxb8 Bxd3 31. Bxa7 Bc4 32. Ng3 Bxa2 33. Bb5 Bb1
34. Nf1 Bc2 35. Nd2 Ne6 36. Nf3 d3 37. Be3 Bb4 38. Kf1 Bd1 39. Ng1 d2 40. Be2
Bb3 41. Nf3 d1=Q+ 42. Bxd1 Bxd1 43. Ne5 Bc3 44. Nc6 Kf8 45. f4 Ba4 46. Ne5 Bxe5
47. fxe5 Ke7 48. Kf2 Nd8 49. Kg3 Nc6 50. Bf4 Ke6 51. h4 Nxe5 52. h5 f6 53. Kh4
Bd1 0-1

[Event "España tch 1B 2012"]
[Site "Don Benito ESP"]
[Date "2012.08.02"]
[Round "4.31"]
[White "Moreno Trujillo, Alejandro"]
[Black "Espinosa Aranda, Angel"]
[Result "1/2-1/2"]
[WhiteElo "2500"]
[BlackElo "2402"]
[PlyCount "97"]
[EventDate "2012.07.30"]
[EventType "swiss"]
[EventRounds "9"]
[EventCountry "ESP"]
[Source "lmi"]
[SourceDate "2012.07.30"]

1. d4 Nf6 2. Nf3 g6 3. c4 Bg7 4. Nc3 O-O 5. e4 d6 6. h3 e5 7. d5 a5 8. Bg5 Na6
9. Nd2 Qe8 10. Be2 Nd7 11. g4 Ndc5 12. Rg1 Kh8 13. Nb3 Nxb3 14. Qxb3 Nc5 15.
Qc2 f5 16. Be3 b6 17. gxf5 gxf5 18. O-O-O Na6 19. f3 f4 20. Bf2 Bf6 21. h4 Bd7
22. Rh1 Rg8 23. h5 Qe7 24. Rh2 Nc5 25. Rdh1 Rg7 26. Bf1 Rag8 27. b3 Qe8 28. Nb5
Na6 29. Qd2 Rg3 30. Qd1 R3g7 31. Kb2 Qd8 32. a3 h6 33. Qd2 Nc5 34. b4 Nb7 35.
Be1 axb4 36. axb4 Bxb5 37. cxb5 Qa8 38. Qd1 Qa7 39. Qa1 Qxa1+ 40. Kxa1 Ra8+ 41.
Ra2 Rxa2+ 42. Kxa2 Rg8 43. Bh3 Ra8+ 44. Kb2 Nd8 45. Rg1 Bg5 46. Bf5 Kg7 47. Bf2
Ra7 48. Rc1 Kf8 49. Bg6 1/2-1/2

[Event "España tch 1B 2012"]
[Site "Don Benito ESP"]
[Date "2012.08.02"]
[Round "4.32"]
[White "Jimenez Martinez, Jose Vicente"]
[Black "Moreno Tejera, Emilio"]
[Result "1/2-1/2"]
[WhiteElo "2285"]
[BlackElo "2350"]
[PlyCount "45"]
[EventDate "2012.07.30"]
[EventType "swiss"]
[EventRounds "9"]
[EventCountry "ESP"]
[Source "lmi"]
[SourceDate "2012.07.30"]

1. d4 d5 2. c4 c6 3. Nf3 e6 4. cxd5 exd5 5. Nc3 Bd6 6. Bg5 Ne7 7. Qc2 f6 8. Bh4
Bf5 9. Qb3 Qb6 10. Qxb6 axb6 11. Bg3 Bxg3 12. hxg3 b5 13. Nh4 b4 14. Nd1 Bc2
15. Ne3 Bb3 16. Nhf5 Nxf5 17. Nxf5 O-O 18. Ne7+ Kf7 19. Nf5 Kg8 20. Ne7+ Kf7
21. Nf5 Kg8 22. Ne7+ Kf7 23. Nf5 1/2-1/2